000 01275cam a22002891i 4500
003 SA-RiAUC
005 20250708053930.0
008 250703s2005 su g 00000bara c
020 _a9960444953
024 0 _a1425/576
040 _aSA-JeALM
_bara
_cSA-RiAUC
_erda
072 7 _a045
082 0 4 _a232
090 _a232
_b ب ن ج
100 1 _aالبنجابي، محمد بن عبد الكريم بن عبيد،
_d1380 هجري-
_eمؤلف.
245 1 2 _aالثبت الكبير في مشيخة وأسانيد وإجازات العلامة المحدث المسند الأصولي الفقيه الشيخ حسن بن محمد المشاط المكي 1317 هـ-1399 هـ /
_cدراسة وتحقيق محمد بن عبد الكريم بن عبيد.
250 _aالطبعة الثانية.
264 1 _aمكة المكرمة :
_bمحمد بن عبدالكريم بن عبيد،
_c2016
300 _a326 صفحة ؛
_c24 سم
336 _aنص
_btxt
_2rdacontent
_3كتاب
337 _aبدون وسيط
_bn
_2rdamedia
338 _aمجلد
_bnc
_2rdacarrier
600 1 7 _aالمشاط، حسن بن محمد،
_d1319-1399 هجري
_2aucnm
650 7 _aالمسلمون
_vتراجم
_2aucsh
942 _2ddc
_cBOOK
_n0
949 _aSA-JeALM
_d250703
_uosman123
_n1
999 _c9586
_d9586